000 00498pab a2200181 454500
008 180718b2013 xxu||||| |||| 00| 0 eng d
100 _aSingh, Ranjit
245 _aIndia - Bhutan relations and new challenges
260 _c2013
300 _ap.31-44.
362 _aJan-Jun
650 _aIndia - Foreign relations - Bhutan
650 _aInternational relations
700 _aSatish Kumar
773 _aJournal of Constitutional and Parliamentary Studies
908 _aN
909 _a105752
999 _c105747
_d105747